000
00175 a2200085 4500
020
_a
978178157515
100
_a
Bev Speight
245
_a
Fast Art
260
_b
Ilex Press
_c
2018
999
_c
13312
_d
13312